000 02525cas a2200553 a 4500
001 16880507
003 LC
005 20170213160640.0
008 110720c20089999nyubr 0 a0eng
010 _a 2011203359
022 0 _a2163-9302
_21
035 _a(OCoLC)ocn503575385
037 _bBarron's Educational Series, Inc., 250 Wireless Blvd., Hauuppauge, NY 11788
040 _aLKR
_beng
_cLKR
_dVP@
_dDLC
_dOCLCO
_dBDX
_dOCLCF
_dOCLCO
042 _apcc
_ansdp
050 0 0 _aPR87
_b.B2652 2016
082 1 0 _a378.1
100 _aEhrenhaft, George
222 0 _aBarron's AP English literature and composition
_b(Print)
245 0 0 _aBarron's AP English literature and composition.
246 1 _aBarron's advanced placement English literature and composition
246 1 _aAdvanced placement English literature and composition
246 1 _aAdvanced placement test in English literature and composition
246 1 _aBarron's how to prepare for the AP English literature and composition
246 1 _aAP English literature and composition
260 _aHauppauge, N.Y. :
_bBarron's Educational Series
_c2016
300 _av. :
_bill. ;
_c28 cm.
362 1 _aBegan in 2008.
500 _aBy: George Ehrenhaft.
650 0 _aEnglish literature
_vExaminations, questions, etc.
_vStudy guides
_vPeriodicals.
650 0 _aEnglish language
_xComposition and exercises
_xExaminations
_vStudy guides
_vPeriodicals.
650 0 _aAdvanced placement programs (Education)
_xExaminations
_vStudy guides
_vPeriodicals.
650 0 _aCollege entrance achievement tests
_zUnited States
_xStudy guides
_vPeriodicals.
650 7 _aAdvanced placement programs (Education)
_xExaminations.
_2fast
650 7 _aCollege entrance achievement tests.
_2fast
650 7 _aEnglish language
_xComposition and exercises
_xExaminations.
_2fast
650 7 _aEnglish literature.
_2fast
651 7 _aUnited States.
_2fast
655 7 _aPeriodicals.
_2fast
655 7 _aStudy guides.
_2fast
700 1 _aEhrenhaft, George.
710 2 _aBarron's Educational Series, Inc.
775 0 8 _iAlso issued with CD-ROM:
_tBarron's AP English literature and composition
_x2163-9310
_w(DLC) 2011203360
_w(OCoLC)754623128
780 0 0 _tBarron's how to prepare for the AP English literature and composition
_w(OCoLC)55136363
906 _a7
_bcbc
_cseraast
_d2
_encip
_f20
_gn-oclcserc
942 _2lcc
_cBK
999 _c306684
_d306684